Le 10 città italiane più visitate - Statistics

Statistiche generali
  • Questo quiz è stato fatto 236 volte
  • Il punteggio medio è 5 su 10
Statistiche sulle risposte
Città Visitatori(in milioni) % Corretto
Roma 25
100%
Milano 11
99%
Venezia 10
95%
Firenze 9
94%
Torino 3
88%
Rimini 7
46%
Jesolo 5
12%
Caorle 4
7%
Cavallino-Treporti 6
6%
San Michele al Tagliamento 5
3%
Nessun quiz corrispondente trovato
Distribuzione punteggi
Percentuale di utenti per punteggio
Percentile per numero di risposta
I tuoi punteggi nel tempo
Non hai fatto questo quiz